[Event "Steyr Landesliga 1819"]
[Site "Austria"]
[Date "2019.02.09"]
[Round "8.8"]
[White "Holzmeister, Nico"]
[Black "Welzel, Maximilian"]
[Result "0-1"]
[WhiteElo "1166"]
[BlackElo "1036"]
[PlyCount "94"]
[EventDate "2018.10.06"]
[EventType "team-tourn"]
[EventRounds "11"]
[EventCountry "AUT"]
[SourceTitle "CBM 189 Extra"]
[Source "ChessBase"]
[SourceDate "2019.06.03"]
[SourceVersion "1"]
[SourceVersionDate "2019.06.03"]
[SourceQuality "1"]
[WhiteTeam "Gratwein Strassengel"]
[BlackTeam "Leoben"]
[WhiteTeamCountry "AUT"]
[BlackTeamCountry "AUT"]

1. e4 d5 2. exd5 Nf6 3. Nc3 Nxd5 4. Nxd5 Qxd5 5. d4 Nc6 6. Nf3 Bg4 7. Be2 0-0-0 8. Be3 e5 9. dxe5 Bc5 10. Qxd5 Rxd5 11. Bxc5 Rxc5 12. c3 Nxe5 13. Nd4 Re8 14. 0-0 Bxe2 15. Nxe2 Nf3+ 16. gxf3 Rxe2 17. Rab1 Rb5 18. Rfe1 Rbxb2 19. Kf1 Rxf2+ 20. Kg1 Rg2+ 21. Kh1 Rxh2+ 22. Kg1 Rxb1 23. Rxb1 Rxa2 24. Re1 Ra6 25. Re7 Rf6 26. Kf2 a5 27. Re8+ Kd7 28. Ra8 Ra6 29. Rg8 g6 30. Rg7 Ke6 31. Rxh7 a4 32. Rh1 a3 33. Ra1 Kd5 34. Ke1 Kc4 35. Kd2 f5 36. Kc2 g5 37. Rb1 a2 38. Ra1 g4 39. fxg4 fxg4 40. Kb2 g3 41. Kc2 g2 42. Kb2 Ra5 43. Rd1 a1Q+ 44. Rxa1 Rxa1 45. Kxa1 g1Q+ 46. Kb2 Qd1 47. Ka2 Kxc3 0-1